What is love? / (Record no. 2174)

MARC details
000 -LEADER
fixed length control field 01114cam a2200349 a 4500
001 - CONTROL NUMBER
control field 2174
003 - CONTROL NUMBER IDENTIFIER
control field FISKH
005 - DATE AND TIME OF LATEST TRANSACTION
control field 20231108132001.0
008 - FIXED-LENGTH DATA ELEMENTS--GENERAL INFORMATION
fixed length control field 901217s1991 ohua b 000 0 eng
010 ## - LIBRARY OF CONGRESS CONTROL NUMBER
LC control number 90072104
020 ## - INTERNATIONAL STANDARD BOOK NUMBER
International Standard Book Number 0874038235
020 ## - INTERNATIONAL STANDARD BOOK NUMBER
International Standard Book Number 0872394107
035 ## - SYSTEM CONTROL NUMBER
System control number (DLC) 90072104
040 ## - CATALOGING SOURCE
Original cataloging agency DLC
Transcribing agency DLC
Modifying agency DLC
Language of cataloging eng
042 ## - AUTHENTICATION CODE
Authentication code lcac
050 00 - LIBRARY OF CONGRESS CALL NUMBER
Classification number BF575.L8
Item number E36 1991
082 00 - DEWEY DECIMAL CLASSIFICATION NUMBER
Classification number 177/.7
Edition number 21
100 1# - MAIN ENTRY--PERSONAL NAME
Personal name Eberle, Sarah.
245 10 - TITLE STATEMENT
Title What is love? /
Statement of responsibility, etc. written by Sarah Eberle ; illustrated by Brown Jan
260 ## - PUBLICATION, DISTRIBUTION, ETC.
Place of publication, distribution, etc. Cincinnati, Ohio :
Name of publisher, distributor, etc. Standard,
Date of publication, distribution, etc. 1980.
300 ## - PHYSICAL DESCRIPTION
Extent 24 unnumbered pages :
Other physical details color illustrations ;
Dimensions 21 cm
440 #2 - SERIES STATEMENT/ADDED ENTRY--TITLE
Title A happy day book
505 ## - FORMATTED CONTENTS NOTE
Formatted contents note G<br/>
520 ## - SUMMARY, ETC.
Summary, etc. There is many meaning of love. Love your families and friends. Love your pets and animals. Love your enemies, someone hurt, and many more.
521 8# - TARGET AUDIENCE NOTE
Target audience note 380<br/>
Source Lexile estimate<br/>
521 8# - TARGET AUDIENCE NOTE
Target audience note G<br/>
Source Raz-Plus<br/>
650 #0 - SUBJECT ADDED ENTRY--TOPICAL TERM
Topical term or geographic name entry element Love
General subdivision Juvenile literature.
650 #1 - SUBJECT ADDED ENTRY--TOPICAL TERM
Topical term or geographic name entry element Love.
700 1# - ADDED ENTRY--PERSONAL NAME
Personal name Jan, Brown
Relator term illustrator
906 ## - LOCAL DATA ELEMENT F, LDF (RLIN)
a 7
b cbc
c orignew
d 3
e opcn
f 19
g y-gencatlg
942 ## - ADDED ENTRY ELEMENTS (KOHA)
Source of classification or shelving scheme Dewey Decimal Classification
Koha item type Books
Suppress in OPAC No
Holdings
Withdrawn status Lost status Source of classification or shelving scheme Damaged status Not for loan Collection Home library Current library Shelving location Date acquired Total Checkouts Full call number Barcode Date last seen Date last checked out Price effective from Koha item type
    Dewey Decimal Classification     Non-Fiction Footprints International School Library Network Toul Kork Campus Footprints International School Library Network Toul Kork Campus TK Primary Library Room(4th Floor), Bookcase 1&2, Shelves 1-16, Dark Blue Books 11/08/2023 4 EBE 177.7 BF575.L8 FISBK05415 02/13/2026 01/29/2026 11/08/2023 Books